Potentiel équipe de Yougoslavie à la coupe du monde 2022 - Statistiques

Statistiques générales
  • Ce quiz a été pris 177 fois
  • Le résultat moyen est 14 sur 25
Statistiques - réponses
Poste Origine Joueur Club % Correct
Gardien SLO Jan Oblak Atlético de Madrid
92%
Millieu CRO Luka Modrić Real Madrid
92%
Attaquant SRB Dušan Vlahović Juventus
79%
Millieu SRB Sergej Milinković-Savić SS Lazio Rome
78%
Gardien SLO Samir Handanovič Inter Milan
72%
Attaquant BHZ Edin Džeko Inter Milan
70%
Millieu CRO Mateo Kovačić Chelsea
69%
Attaquant SRB Aleksandar Mitrović Fulham
68%
Défenseur CRO Dejan Lovren Olympique lyonnais
67%
Attaquant SRB Dušan Tadić Ajax Amsterdam
67%
Millieu CRO Marcelo Brozović Inter Milan
67%
Défenseur MNE Stefan Savić Atlético de Madrid
67%
Millieu CRO Ivan Perišić Tottenham
65%
Défenseur CRO Joško Gvardiol RB Leipzig
64%
Gardien CRO Dominik Livaković Dinamo Zagreb
58%
Attaquant CRO Andrej Kramarić TSG Hoffenheim
55%
Millieu CRO Lovro Majer Stade rennais FC
55%
Millieu SRB Filip Kostić Juventus
47%
Défenseur CRO Josip Stanišić Bayern München
38%
Attaquant SRB Luka Jović ACF Fiorentina
38%
Défenseur SRB Nikola Milenković ACF Fiorentina
38%
Défenseur CRO Borna Sosa VfB Stuttgart
28%
Attaquant CRO Mislav Oršić Dinamo Zagreb
28%
Défenseur MNE Adam Marušić SS Lazio Rome
24%
Défenseur SRB Strahinja Pavlović RB Salzbourg
20%
Aucun quiz correspondant
Distribution des résultats
% des personnes avec chaque résultat
Percentile par nombre de réponses
Votre historique - résultats
Vous n’avez pas pris ce quiz